000 00648nam a2200205 4500
003 OSt
005 20260601171021.0
008 260520b2006\\\\uxx|||||\||||\00|\0\eng\d
040 _aICI
_bspa
_cICI
_erda
050 _aNA1 D47
100 _eautor
245 _aDesign y architecture news and programme
300 _a15 paginas:
_bilustraciones
336 _2rdacontent
_atexto
337 _2rdamedia
_asin medio
338 _2rdacarrier
_avolumen
500 _aPublicación periódica dedicada a noticias, programas y tendencias de diseño y arquitectura contemporánea
650 _2Diseño arquitectónico
_xRevistas
_934677
942 _2lcc
_n1
_cB
999 _c20892
_d20892